[Event "Kiel op-A 26th"]
[Site "Kiel"]
[Date "2013.07.27"]
[Round "2"]
[White "Guetschow, Martin"]
[Black "Neuendorf, Max"]
[Result "1-0"]
[WhiteElo "1991"]
[BlackElo "1661"]
[PlyCount "47"]
[EventDate "2013.07.27"]
[EventType "swiss"]
[EventRounds "9"]
[EventCountry "GER"]
[SourceTitle "EXT 2018"]
[Source "ChessBase"]
[SourceDate "2017.10.13"]
[SourceVersion "1"]
[SourceVersionDate "2017.10.13"]
[SourceQuality "1"]

1. e4 g6 2. d4 Bg7 3. Nc3 d6 4. f4 c6 5. Nf3 Bg4 6. Be2 Nd7 7. e5 d5 8. 0-0 e6 9. Ng5 Bxe2 10. Nxe2 Ne7 11. b3 h5 12. Ba3 Nb6 13. Qd3 Nf5 14. Ng3 Nxg3 15. Qxg3 Bf8 16. Nxe6 fxe6 17. Qxg6+ Kd7 18. Qf7+ Be7 19. f5 Qe8 20. fxe6+ Kd8 21. Bxe7+ Qxe7 22. Qg6 Re8 23. Rf6 Qb4 24. Rd1 1-0